000 00776nam a22002655i 4500
001 11440
003 ES-MaACL
005 20240524183535.0
007 t|
008 930118s1992 sp ||||0| spa j
020 _a84-7100-437-2
040 _aM-BN
_bspa
_cM-BN
080 _a986.613 Q
100 1 _aSalvador Lara, Jorge.
_9102092
245 1 0 _aQuito /
_cJorge Salvador Lara.
260 _aMadrid :
_bMAPFRE,
_cD.L. 1992.
300 _a404 p ;
_c23 cm.
490 1 _aColección Ciudades de Iberoamérica ;
_v5
500 _aIndices.
504 _aBibliografía: p. [377]-383.
651 4 _aQuito (Ecuador)-
_xHistoria
_99295
830 0 _aColección Ciudades de Iberoamérica ;
_v5
_9179074
852 _aES-MaACL
_jL-18765
_bR.124041
999 _c11440
_d11440